000 00549nam a2200229Ia 4500
003 OSt
005 20220918195452.0
006 a|||||r|||| 00| 0
007 ta
008 220917b |||||||| |||| 00| 0 eng d
024 _a85,071
037 _cTextual
040 _aARTS
_cARTS
_beng
041 _2eng
_aeng
082 _aSM95z7, H81;1
100 _aLorand S
_990387
245 0 _aPsychoanalysis today
260 _c1948
650 _aPSYCHOLOGY
942 _hSM95z7, H81;1
_cTEXL
_2CC
999 _c208785
_d208785